De bosques a pastizales; desarrollo o destrucción?
Guardado en:
| Hovedforfatter: | |
|---|---|
| Format: | Texto |
| Udgivet: |
San José :
|
| Tags: |
Tilføj Tag
Ingen Tags, Vær først til at tagge denne postø!
|
MARC
| LEADER | 00000 a a2200000 04500 | ||
|---|---|---|---|
| 001 | 17293 | ||
| 003 | |||
| 040 | |||
| 090 | |a EXTRAVIADO | ||
| 100 | |a Parsons, James | ||
| 245 | |a De bosques a pastizales; desarrollo o destrucción? | ||
| 260 | |a San José : | ||
| 300 | |a 18 p. | ||
| 999 | |c 12176 |d 12176 | ||
